|
|
|
|
| LEADER |
01074nam a22002892a 4500 |
| 001 |
000045666 |
| 003 |
CZ BrMZK |
| 005 |
20060524085628.0 |
| 007 |
ta |
| 008 |
951201s1990 xr f cze d |
| 015 |
|
|
|a cnb000056572
|
| 020 |
|
|
|a 80-7108-006-3
|
| 035 |
|
|
|a (OCoLC)24404759
|
| 040 |
|
|
|a BOA001
|b cze
|
| 080 |
|
|
|a 885.0-32
|2 MRF
|
| 100 |
1 |
|
|a Trefulka, Jan,
|d 1929-2012
|7 jk01140076
|4 aut
|
| 245 |
1 |
0 |
|a O bláznech jen dobré /
|c Jan Trefulka
|
| 250 |
|
|
|a 1. vyd. v ČSFR
|
| 260 |
|
|
|a Brno :
|b Atlantis,
|c 1990
|
| 300 |
|
|
|a 159 s.
|
| 856 |
4 |
1 |
|u http://www.digitalniknihovna.cz/mzk/uuid/uuid:e5dcb020-abd7-11e2-8b87-005056827e51
|y Digitalizovaný dokument
|x NDK
|
| 910 |
|
|
|a BOA001
|b PK-0113.329
|b 2-0958.584
|
| 920 |
|
|
|a 000106698
|
| 990 |
|
|
|a BK
|
| 996 |
6 |
|
|b 2619957859
|c 2-0958.584
|l MZK
|r Sklad / do 1 hodiny
|n 0
|w 000045666
|u 000030
|a 1
|e BOA001
|j MZK50
|s P
|
| 996 |
7 |
|
|b 2619993002
|c 2-0958.584
|l MZK
|r Sklad / do 1 hodiny
|n 24
|w 000045666
|u 000020
|a 1
|e BOA001
|j MZK50
|s A
|
| 996 |
7 |
|
|b 3119983932
|c PK-0113.329
|l MZK
|r Sklad / do 1 hodiny
|n 19
|w 000045666
|u 000010
|a 1
|e BOA001
|j MZK50
|s A
|